01775nam a2200349 i 4500001001000000003001100010005001700021007000300038008004100041020001500082040004800097041000800145082002100153100003700174245010600211264005800317264001100375300002700386336002700413337003300440338002800473490003500501500002100536505062700557563001401184630003201198650003601230653003801266653004201304653003901346653004001385768714001CO-MdFUSB220260418122416.0ta240930t1992 sp ||||| |||| 001 0 spa d a8430111948 bspa.aCO-MdFUSBcCO-MdFUSBdCO-MdFUSBCerda aspa 223a222.35bC114 aCabezudo Melero, Enrique,eautor1 aHistoria episódica : Rut, Tobías, Judit y Ester : btexto y comentarioc/ Enrique Cabezudo Melero 1aSalamanca, España : bLa casa de la Biblia,c[1992] 4c©1992 a207 páginasc; 17 cm 2rdacontentatextobtxt 2rdamediaasin mediaciónbn 2rdacarrieravolumenbnc aMensaje del Antiguo Testamento aIncluye índice tTobias:gPresentación del tema y de los personajes (Tob 1 3-3 17) - - Desarrollo de la acción (Tob 4 1-11 19) - -Desenlace del relato (Tob 12 1-22) - - Epílogo (Tob 13 1-14 15)tJudith:gLa prueba (Jdt 1 1-3 10) -- Resistencia de la ciudad y súplica de Ajior (Jdt 4 1-7 32) -- Intervención de Judit y liberación (Jdt 8 1-15 13) -- Epílogo (Jdt 15 14-16 25)tEster:gDestitución de Vasti y entronización de Ester (Est 1 1-2 20) -- Amán, Mardoqueo y Ester (Est 2 21-4 17x) -- Ester ante Asuero (Est 5 1-14) -- Caída de Amán y triunfo de los judíos (Est 6 1-9 16) -- Apéndices (Est 9 17-10 3k). aRústica07aBiblia.pAntiguo Testamento 7aHermenéutica bíblica2embne aBiblia. A.T. Rut — Comentarios  aBiblia. A.T. Tobías — Comentarios aBiblia. A.T. Judit — Comentarios a Biblia. A.T. Ester — Comentarios